000 00756nam0a22002411 4500
001 rc\2984610
005 20250806211751.0
035 _a(NLR Aleph) 007129293
090 _a63687
_c63687
100 _a20110913d1943 u y0rusy50 ca
101 0 _arus
102 _aRU
105 _aa z |||||
200 1 _aОписание мины обр. 1908/39 г.
_fНар. ком. ВМФ - СССР. Минно-торпедное упр.
210 _aМосква
_cВоенмориздат
_d1943
215 _a36 с., 2 л. ил.
_cил.
_d17 см
801 0 _aRU
_bNLR
_gpsbo
801 1 _aRU
_bELAR
_2rusmarc
852 _aNLR
_j66-2/2569
942 _cBOOK
945 _aРоссийская национальная библиотека
980 _aNB
980 _aBV